000 01428nam a2200265Ia 4500
999 _c54768
_d54768
001 21836
003 GE_BSU
005 20220602174642.0
008 181216s ||||ge |||||||||||||| ||und||
040 _cGE_BSU
041 _ageo
080 _a811.353.1(076.3) + 371.277.2 მ-97
100 _aმწყერაშვილი, ზ.
_913963
245 _aქართული ენის ტესტი ზოგადი უნარ-ჩვევათა გამომუშავებისათვის :
_bმე-4 კლასი /
_cზ. მწყერაშვილი, ი. კეკელიშვილი, შ. ასათიანი.
264 _aთბილისი :
_b[?],
_c2007.
300 _a400 გვ. :
_bილ. ;
_c30 სმ.
500 _aწანართი : საქართველოს სახელმწიფო გერბი, დროშა და ჰიმნი "თავისუფლება"
541 _h7 ლ.
653 _aქართული ენა
653 _aქართული ენის ტესტი ზოგადი უნარ-ჩვევათა გამომუშავებისათვის
653 _aმე-4 კლასი
700 _aკეკელიშვილი, ი.
_eავტორი
_913964
700 _aასათიანი, შ.
_eავტორი
_913966
942 _cBK
_2udc